Spillovers to Central America in Light of the Crisis : What a Difference a Year Makes /

This paper investigates Central America's external linkages over the last fifteen years of increased integration in light of the 2008-09 global recession. Using structural VAR models, it is found that a one percent shock to U.S. growth shifts economic activity in Central America by 0.7 to 1 per...

Popoln opis

Bibliografske podrobnosti
Glavni avtor: Swiston, Andrew
Format: Revija
Jezik:English
Izdano: Washington, D.C. : International Monetary Fund, 2010.
Serija:IMF Working Papers; Working Paper ; No. 2010/035
Online dostop:Full text available on IMF
LEADER 02068cas a2200241 a 4500
001 AALejournalIMF006268
008 230101c9999 xx r poo 0 0eng d
020 |c 5.00 USD 
020 |z 9781451962765 
022 |a 1018-5941 
040 |a BD-DhAAL  |c BD-DhAAL 
100 1 |a Swiston, Andrew. 
245 1 0 |a Spillovers to Central America in Light of the Crisis :   |b What a Difference a Year Makes /  |c Andrew Swiston. 
264 1 |a Washington, D.C. :  |b International Monetary Fund,  |c 2010. 
300 |a 1 online resource (37 pages) 
490 1 |a IMF Working Papers 
500 |a <strong>Off-Campus Access:</strong> No User ID or Password Required 
500 |a <strong>On-Campus Access:</strong> No User ID or Password Required 
506 |a Electronic access restricted to authorized BRAC University faculty, staff and students 
520 3 |a This paper investigates Central America's external linkages over the last fifteen years of increased integration in light of the 2008-09 global recession. Using structural VAR models, it is found that a one percent shock to U.S. growth shifts economic activity in Central America by 0.7 to 1 percent, on average. Spillovers from global shocks and the rest of the region also affect activity in some countries. Spillovers are mostly transmitted through advanced country financial conditions and fluctuations in external demand for Central American exports. Shocks to advanced economies associated with the 2008-09 financial crisis lowered economic activity in the region by 4 to 5 percent, on average, accounting for a majority of the observed slowdown. The impact was almost twice as large as elasticities estimated on pre-crisis data would have predicted. These results underscore the importance of operating credible policy frameworks that enable a countercyclical policy response to external shocks. 
538 |a Mode of access: Internet 
830 0 |a IMF Working Papers; Working Paper ;  |v No. 2010/035 
856 4 0 |z Full text available on IMF  |u http://elibrary.imf.org/view/journals/001/2010/035/001.2010.issue-035-en.xml  |z IMF e-Library